岐阜県の戦前市制・町制 - Statistics

General Stats
  • This quiz has been taken 120 times
    100 since last reset
  • The average score is 51 of 66
Answer Stats
施工年月日 施行内容 所属郡 回答 % Correct
1889.07.01 市制 (市) 岐阜市
100%
1918.04.01 市制 (市) 大垣市
96%
1936.11.01 市制 (市) 高山市
96%
1889.07.01 町制 恵那郡 中津川町
94%
1889.07.01 町制 大野郡 (飛騨) 高山町
94%
1926.01.01 町制 益田郡 下呂町
94%
1889.07.01 町制 安八郡 大垣町
92%
1889.07.01 町制 武儀郡 関町
92%
1889.07.01 町制 郡上郡 八幡町
92%
1889.07.01 町制 加茂郡 太田町
92%
1940.08.01 市制 (市) 多治見市
92%
1943.10.01 町制 稲葉郡 鵜沼町
92%
1889.07.01 町制 羽栗郡 笠松町
90%
1889.07.01 町制 可児郡 御嵩町
90%
1889.07.01 町制 土岐郡 多治見町
90%
1892.08.06 町制 安八郡 神戸町
90%
1928.04.01 町制 不破郡 関ケ原町
90%
1928.11.10 町制 郡上郡 白鳥町
90%
1889.07.01 町制 本巣郡 北方町
88%
1889.07.01 町制 吉城郡 古川町
88%
1894.09.24 町制 安八郡 墨俣町
88%
1932.10.01 町制 揖斐郡 大野町
88%
1890.12.27 町制 武儀郡 金山町
85%
1926.04.01 町制 土岐郡 土岐町
85%
1889.07.01 町制 大野郡 (美濃) 揖斐町
83%
1889.07.01 町制 恵那郡 明知町
83%
1943.04.01 町制 稲葉郡 蘇原町
83%
1889.07.01 町制 不破郡 垂井町
81%
1889.07.01 町制 武儀郡 上有知町
81%
1889.07.01 町制 可児郡 兼山町
81%
1890.12.27 町制 恵那郡 大井町
81%
1920.05.01 町制 土岐郡 瑞浪町
81%
1924.01.01 町制 可児郡 広見町
81%
1940.02.11 町制 稲葉郡 那加町
81%
1889.07.01 町制 羽栗郡 竹ヶ鼻町
79%
1889.07.01 町制 多芸郡 高田町
79%
1889.11.15 町制 土岐郡 土岐津町
79%
1897.03.19 町制 山県郡 高富町
77%
1898.03.02 町制 益田郡 小坂町
77%
1889.07.01 町制 加茂郡 八百津町
75%
1897.04.16 町制 恵那郡 付知町
75%
1897.10.29 町制 益田郡 萩原町
75%
1924.12.01 町制 加茂郡 古井町
75%
1901.05.24 町制 不破郡 赤坂町
73%
1896.11.13 町制 加茂郡 下麻生町
71%
1932.10.01 町制 恵那郡 陶町
71%
1898.12.14 町制 恵那郡 長島町
69%
1889.07.01 町制 厚見郡 東加納町
67%
1889.07.01 町制 厚見郡 西加納町
67%
1889.07.01 町制 恵那郡 岩村町
67%
1889.07.01 町制 吉城郡 船津町
67%
1889.07.01 町制 下石津郡 高須町
65%
1890.10.24 町制 恵那郡 苗木町
65%
1897.04.01 町制 加茂郡 川辺町
63%
1911.01.01 町制 恵那郡 坂下町
63%
1923.10.10 町制 大野郡 (飛騨) 大名田町
63%
1896.11.20 町制 武儀郡 菅田町
58%
1889.07.01 町制 安八郡 今尾町
54%
1900.07.19 町制 可児郡 今渡町
52%
1902.08.27 町制 安八郡 大藪町
52%
1915.10.01 町制 土岐郡 泉町
52%
1923.10.10 町制 土岐郡 笠原町
52%
1909.10.11 町制 土岐郡 駄知町
50%
1919.07.01 町制 土岐郡 下石町
48%
1931.01.01 町制 土岐郡 妻木町
46%
1901.06.10 町制 可児郡 豊岡町
42%
No matching quizzes found
Score Distribution
Percent of People with Each Score
Percentile by Number Answered
Your Score History
You have not taken this quiz since the last reset